| 000 | 00544nam a2200193Ia 4500 | ||
|---|---|---|---|
| 003 | OSt | ||
| 005 | 20200213125215.0 | ||
| 008 | 190216s9999||||xx |||||||||||||| ||und|| | ||
| 020 | _a9789382934820 | ||
| 040 | _coclc | ||
| 082 |
_a297 _bKOY/M |
||
| 100 |
_a Koya, C H Muhammed _91956 |
||
| 245 | 0 |
_aMuslim Rajaneethi Kathakal / _cC H Muhammed Koya |
|
| 250 | _a2nd ed. | ||
| 260 |
_bOlive Publications, _c2013. _aKozhikode: |
||
| 300 | _a81p | ||
| 650 | _xIslamic History | ||
| 942 |
_cBK _2ddc _h297 _iKOY/M _k297 _mKOY/M |
||
| 999 |
_c23084 _d23084 |
||